Wszystkie ulice w Odrzykoniu - Statystyki

Ogólne statystyki
  • Ten quiz został rozwiązany 10 razy
  • Średni wynik to 23 z 44
Statystyki odpowiedzi
Ulice % Poprawnych
Leśna
88%
Krośnieńska
75%
Polna
75%
Józefa Piłsudskiego
63%
Jana Pawła II
63%
Kręta
63%
Podzamcze
63%
Tadeusza Kościuszki
63%
Aleksandra Fredry
50%
Armii Krajowej
50%
Bierska
50%
Czarny Potok
50%
Hetmana Mikołaja Kamienieckiego
50%
Marii Konopnickiej
50%
Graniczna
50%
Kazimierza Wielkiego
50%
Klemensa z Moskorzewa
50%
Księdza Ernesta Świątka
50%
Księdza Józefa Panasia
50%
Łąkowa
50%
Łęgowa
50%
Leszczyny
50%
Młynek
50%
Na Strzelca
50%
Piekło
50%
Podlesie
50%
Poręba
50%
Prebendarska
50%
Rzeki
50%
Skalickie
50%
Sportowa
50%
Średnia
50%
Turaszowska
50%
Wisłocza
50%
Władysława Jagiełły
50%
Zapłocie
50%
Zawodzie
50%
Białobrzeska
38%
Gustawa Ehrenberga
38%
Jana Skrzyneckiego
38%
Nadbrzeżna
38%
Profesora Stanisława Cebuli
38%
Spokojna
38%
Seweryna Goszczynskiego
25%
Nie znaleziono quizów pasujących do podanych kryteriów
Rozkład punktacji
Procent ludzi z każdym wynikiem
Percentyl według liczby udzielonych odpowiedzi
Twoja historia wyników
Nie rozwiązałeś tego quizu